03538nam a2200553Ia 45000010005000000080041000050100009000460410014000550820015000692450215000842600013002993000008003125200006003206300031003266300014003576300028003716300030003996500024004296900014004537000033004677000026005007000029005269010064005559020006006199030041006259040018006669050036006849060006007209070014007269080014007409090062007549100015008169110010008319120014008419130009008559140025008649150019008899160009009089170009009179180014009269190026009405201959009669210007029259220007029329230006029399240014029459420010029599990015029694482241029s9999 xx 000 0 und d a4223 aEspañol aMGC-14-023 0aCausas de la deserción escolar en el 1er. Ciclo el Nivel Medio del Liceo Técnico Pastor Abajo, Distrito Educativo 08-05 Pastor Bella Vista Santiago, República Dominicana en el período escolar 2012-2014. aSantiago a127 a5 aActitud de los Estudiantes aDesempleo aDeserción Estudiantil aDesintegración Familiar aDeserción Escolar aElaborado easesoraJiminián, Yanet Y. eautora Marte, José eautoraMartínez, Eddy  a{"1":" Marte","2":"Martínez"}b{"1":"José","2":"Eddy "} a1 a{"1":"Jiminián"}b{"1":"Yanet Y."} aMagíster en aGestión de Centros Educativos a2 aNO APLICA aNO APLICA aUniversidad Abierta para Adultos (UAPA), Recinto Santiago aNULLbNULL a["1"] aNO APLICA aNULL a13 de Agosto de 2014 a18/11/19 08:11 aNULL aNULL aNO APLICA a["5","289","64","65"] aEl Estudio planteó como objetivo general analizar las causas de la deserción escolar en el 1er  Ciclo el Nivel Medio del Liceo Técnico Pastor Abajo, Distrito Educativo 08-05 Pastor Bella Vista, Santiago.La investigación se enmarcó en el enfoque cuantitativo, corresponde a un diseño no experimental y de campo. Se utilizó el enfoque cuantitativo, porque se hizo la recolección de la información en el mismo lugar, objeto de estudio y la medición de los datos estadísticos obtenidos en el mismo.La población de estudiantes desertores del grado seleccionado para este estudio fue de ciento ochenta y cuatro (184); para lo cual se utilizó una muestra de cuarenta y ocho (48). Con la finalidad de determinar la tasa de deserción, se trataron de entrevistar vía telefónica a los estudiantes desertores y se visitaron los hogares de dichos estudiantes y fue imposible contactarlo por medio de esta vía,  Los hallazgos encontrados en esta variable fue que la cantidad de estudiantes que desertan por Grado y año según informaciones dadas por el director y los docentes, son de 8 a 17. Este es un Nivel Medio, pero para los estudiantes que se inscriben por secciones, este es un nivel  muy alto. Conforme datos arrojados por el director, se afirmó que de ochenta y siete (87) estudiantes que se inscribieron en el año 2012-2013 al 1er Ciclo el Nivel Medio del Liceo Técnico Pastor, el 68% desertaron. Con relación al perfil socio demográfico, la tasa de deserción es de un 53% en cuanto al sexo masculino; éstos tienden más a abandonar los estudios, por causas de compromisos familiares, laborales y personales,El estudio recomendó a las Autoridades Educativas, priorizar en su agenda disminuir la deserción escolar en el 1er Ciclo el Nivel Medio del Liceo Técnico Pastor Abajo. Mantener una continua motivación que escale en la conciencia del alumno, en la importancia de culminar sus estudios. a11 a11 a0 aNO APLICA cTesis c4223d4223